000
00311nam a22001337a 4500
008
180216b xxu||||| |||| 00| 0 eng d
020
_a
044222143442
041
_a
eng
080
_a
37
100
_a
48
101
_a
edu
245
_a
guided reading the four blocks way
_c
patricia.m.c
942
_2
udc
_c
BK
999
_c
42796
_d
42796